|
|
|
|
| LEADER |
00000nas a22000007i 4500 |
| 001 |
ssj0012281 |
| 003 |
WaSeSS |
| 005 |
20200512172242.0 |
| 006 |
m d |
| 007 |
cr n |
| 008 |
991007c19239999miumn p s 0 a0eng |
| 010 |
|
|
|a 2013200358
|
| 022 |
|
|
|a 2328-4072
|y 0009-0220
|
| 035 |
|
|
|a (WaSeSS)ssj0012281
|
| 037 |
|
|
|b BNP Media, Inc., 2401 W. Big Beaver Rd., Suite 700, Troy, MI 48084-3333
|
| 040 |
|
|
|a BNG
|b eng
|c BNG
|d OCL
|d OCLCQ
|d OCLCO
|d OCLCQ
|d DLC
|d OCLCQ
|d OCLCO
|d OCLCF
|d OCLCO
|d WaSeSS
|
| 042 |
|
|
|a pcc
|a nsdp
|
| 050 |
|
4 |
|a TP1
|b .C411
|
| 082 |
0 |
0 |
|a 338.47666
|2 23
|
| 130 |
0 |
|
|a Ceramic industry (Online)
|
| 222 |
|
0 |
|a Ceramic industry
|b (Online)
|
| 245 |
1 |
0 |
|a Ceramic industry
|h [electronic resource].
|
| 260 |
|
|
|a [Troy, Mich., etc.] :
|b [Business News Pub. Co., etc.]
|
| 310 |
|
|
|a 13 no. a year
|
| 362 |
1 |
|
|a Print began in 1923.
|
| 500 |
|
|
|a Annual special issue has title: Data book issue, 1985-1986; Data book, 1987-1988; Data book & buyers guide, 1989-1994/95; Buyers guide issue, 1995/96; Data book (1996), 1996; Data book and buyers guide issue (1997), 1997/98-
|
| 506 |
|
|
|a License restrictions may limit access.
|
| 588 |
|
|
|a Description based on print.
|
| 588 |
|
|
|a Latest issue consulted: V. 163, Issue no. 4 (April 2013) (ceramicindustry.com website, viewed Apr. 17, 2013).
|
| 650 |
|
0 |
|a Ceramics
|v Periodicals.
|
| 650 |
|
7 |
|a Ceramics.
|2 fast
|0 (OCoLC)fst00851090
|
| 655 |
|
0 |
|a Electronic journals.
|
| 776 |
0 |
8 |
|i Print version:
|t Ceramic industry
|x 0009-0220
|w (DLC) 31033937
|w (OCoLC)1553730
|
| 856 |
4 |
0 |
|z Full text available from Research Library: 01/01/1998 to 05/31/2019
|u https://search.proquest.com/publication/48703
|